| 000 | 02276nam a2200301Ia 4500 | ||
|---|---|---|---|
| 999 |
_c50981 _d50981 |
||
| 001 | 17938 | ||
| 003 | GE_BSU | ||
| 005 | 20200228162449.0 | ||
| 008 | 181216s2014ge xx |||||||||||||| ||geo|| | ||
| 020 | _a978-9941-0-7314-4 | ||
| 040 | _cGE_BSU | ||
| 041 | _ageo | ||
| 080 | _a726:27-523.6(=353.1)(564.3) + 902.2(=353.1)(564.3) გ-14 | ||
| 100 |
_aგაგოშიძე, იულონ. _91940 |
||
| 245 |
_aღალია : ქართველთა მონასტერი კვიპროსზე = Gialia : Georgian monastery on Cyprus / _cიულონ გაგოშიძე ; დავით მინდორაშვილი ; გიორგი გაგოშიძე ; რედ. ქეთევან ქურდოვანიძე ; მთარგმნ. ნინო გაბუნია ; ინგლ. ენის რედ. ნანა კაჭაბავა ; დიზაინი გეგა პაქსაშვილი. |
||
| 264 |
_aთბილისი : _bშპს "სეზანი, _c2014. |
||
| 300 |
_a204 გვ. : . ; _bნახ. LXIX ტაბ. ; _c 28 სმ. |
||
| 500 | _aგარეკანზე ავტ. აღნიშნულნი არ არიან. წიგნი ეძღვნება ღალიის მონასტრის პირველი მკვლევრის ვახტანგ ჯობაძის ხსოვნას. | ||
| 546 | _aგარეკანი, თავფურ. და ტექსტი ქართ. და ინგლ. | ||
| 653 | _aარქეოლოგიური გათხრები კვიპროსზე | ||
| 653 | _aქართველთა მონასტერი კვიპროსზე | ||
| 653 | _aღალია | ||
| 700 |
_aქურდოვანიძე, ქეთევან _eრედაქტორი _95059 |
||
| 700 |
_a გაბუნია, ნინო _eმთარგმნელი _97649 |
||
| 700 |
_aკაჭაბავა, ნანა _eინგლისური ენის რედაქტორი _97650 |
||
| 700 |
_aპაქსაშვილი, გეგა _eდიზაინერი _97651 |
||
| 942 |
_cBK _2udc |
||